| 000 | 00369nam a22001457a 4500 | ||
|---|---|---|---|
| 003 | SGT | ||
| 020 | _a9781437724417 | ||
| 082 |
_a617.66 _bU10P |
||
| 100 | _a Paul Moore, Elliot Hersh | ||
| 245 | _aUpdate of Dental Local Anesthesia | ||
| 260 |
_aDELHI _bDCNA ELSEVIER INDIA _c2010 |
||
| 300 | _a587-785 | ||
| 650 | _a Local Anesthesia, Oral Surgery | ||
| 942 |
_2ddc _cBK |
||
| 999 |
_c18057 _d18057 |
||